Counties of Massachusetts Quiz Stats

 Plays Quiz not verified by Sporcle

Support Sporcle.
Go Orange.
Score 0/14 Timer 05:00
0 Plays Today
% Correct
Suffolk
86%
Middlesex
84.7%
Essex
83.7%
Worcester
81.9%
Norfolk
72.6%
Barnstable
66.5%
Berkshire
60.5%
% Correct
Plymouth
60%
Hampshire
52.1%
Nantucket
50.2%
Hampden
46%
Dukes
46%
Bristol
45.6%
Franklin
45.1%

You're not logged in!

Compare scores with friends on all Sporcle quizzes.
OR
Log In

From the Vault

Five, Six, Seven, or Eight?

by El_Dandy

Too bad our rating system only goes up to 5 globes. We think this quiz deserves 6, 7, or even 8 globes.
Remove Ads.
Support Sporcle.
Get the best of Sporcle when you Go Orange. This ad-free experience offers more features, more stats, and more fun while also helping to support Sporcle. Thank you for becoming a member.

Show Comments

Extras

Created Sep 25, 2009ReportNominate
Tags:counties, massachusetts

Top Quizzes Today


Score Distribution

Your Account Isn't Verified!

In order to create a playlist on Sporcle, you need to verify the email address you used during registration. Go to your Sporcle Settings to finish the process.

Report this User

Report this user for behavior that violates our Community Guidelines.

Details: